000 00592nam a2200241 4500
001 1995
010 _a9789722085885
021 _aPT
_b546888/25
090 _a1995
100 _a20251120d2025 m||y0pory50030103ba
101 _apor
102 _aPT
200 _aLobos
_fTânia Ganho
205 _a1ª edição
210 _aAlfragide
_cDom Quixote
_d2025
215 _a351 p.
_d24 cm
300 _aBMB-Registado
606 _9776
_aLiteratura Portuguesa
606 _9779
_aRomance
675 _a821.134.3-31
_vBMB
_zpor
700 _aGanho
_bTânia
_f1973-
_92868
801 _aPT
_bBMB
_gRPC
990 _cLIVROS